000 00719nam a2200205 a 4500
005 20140412111241.0
008 010427s19uu xx 00 eng d
020 _a0-394-89131-7
050 _aTR(PS E
_bBe35 1987
100 _aBerenstain, Stan
245 _aBerenstain Bears: on the job (The) /
_cStan and Jan Berenstain.
260 _aNew York :
_bRandom House,
_c1987.
300 _a1v. (unp.) ; ill.
440 _aFirst Time Readers
520 _aTwo young bears speculate on all the things they could grow up to be, including a bus driver, farmer, scientist, singer, and computer programmer.
650 _aOccupations-Fiction
650 _aBears - Fiction
650 _aStories in rhyme
999 _c102716
_d102716